Операционные системы: учебник для вузов

Bibliographische Detailangaben
Weitere Verfasser: Спиридонов Э. С. Эрнст Серафимович (редактор), Клыков М. С. Михаил Степанович, Рукин М. Д. Михаил Дмитриевич, Григорьев Н. П. Николай Потапович, Балалаева Т. И. Татьяна Ивановна, Смуров А. В. Андрей Валерьевич, Спиридонов Э. С., Клыков М. С.
Zusammenfassung:Настоящая книга представляет собой учебник по операционным системам. В нем рассмотрены фундаментальные концепции, принципы построения и функционирования современных операционных систем, технологии управления ресурсами компьютера, базовые технологии сетевой безопасности. Изложены общие принципы работы, функциональная и структурная организация операционных систем, их основные подсистемы и компоненты, используемые для управления ресурсами; многослойная организация операционных систем с монолитным ядром, микроядерная и монолитная архитектуры. Описаны процессы и их поддержка в операционных системах, схемы реализации механизма прерываний и его роль в организации вычислительного процесса, планирование заданий, многозадачность, методы управления памятью, файловые системы, архитектура службы каталогов и организация дискового пространства. Затронуты вопросы внутренней политики безопасности, рассмотрены подходы, используемые для защиты данных при работе в сетях.
Sprache:Russisch
Veröffentlicht: Москва, Либроком, 2014
Ausgabe:Изд. стер.
Schriftenreihe:Учебный курс
Schlagworte:
Format: MixedMaterials Buch
KOHA link:https://koha.lib.tpu.ru/cgi-bin/koha/opac-detail.pl?biblionumber=265981

MARC

LEADER 00000nam0a2200000 4500
001 265981
005 20231101233951.0
010 |a 9785397046220 
035 |a (RuTPU)RU\TPU\book\288983 
090 |a 265981 
100 |a 20140702d2014 m y0rusy50 ca 
101 0 |a rus 
102 |a RU 
105 |a a j 001zy 
200 1 |a Операционные системы  |e учебник для вузов  |f Э. С. Спиридонов [и др.]  |g под ред. Э. С. Спиридонова, М. С. Клыкова 
205 |a Изд. стер. 
210 |a Москва  |c Либроком  |d 2014 
215 |a 348 с.  |c ил. 
225 1 |a Учебный курс 
320 |a Библиогр.: с. 332-336. 
330 |a Настоящая книга представляет собой учебник по операционным системам. В нем рассмотрены фундаментальные концепции, принципы построения и функционирования современных операционных систем, технологии управления ресурсами компьютера, базовые технологии сетевой безопасности. Изложены общие принципы работы, функциональная и структурная организация операционных систем, их основные подсистемы и компоненты, используемые для управления ресурсами; многослойная организация операционных систем с монолитным ядром, микроядерная и монолитная архитектуры. Описаны процессы и их поддержка в операционных системах, схемы реализации механизма прерываний и его роль в организации вычислительного процесса, планирование заданий, многозадачность, методы управления памятью, файловые системы, архитектура службы каталогов и организация дискового пространства. Затронуты вопросы внутренней политики безопасности, рассмотрены подходы, используемые для защиты данных при работе в сетях. 
606 1 |a Операционные системы  |2 stltpush  |3 (RuTPU)RU\TPU\subj\69886  |9 84548 
610 1 |a вычислительные системы 
610 1 |a принципы 
610 1 |a функциональная структура 
610 1 |a процессы 
610 1 |a файловые системы 
610 1 |a память 
610 1 |a управление 
610 1 |a учебники 
675 |a 004. 451(075.8)  |v 3 
701 1 |a Спиридонов  |b Э. С.  |g Эрнст Серафимович 
701 1 |a Клыков  |b М. С.  |g Михаил Степанович 
701 1 |a Рукин  |b М. Д.  |g Михаил Дмитриевич 
701 1 |a Григорьев  |b Н. П.  |g Николай Потапович 
701 1 |a Балалаева  |b Т. И.  |g Татьяна Ивановна 
701 1 |a Смуров  |b А. В.  |g Андрей Валерьевич 
702 1 |a Спиридонов  |b Э. С.  |4 340 
702 1 |a Клыков  |b М. С.  |4 340 
801 1 |a RU  |b 63413507  |c 20140702 
801 2 |a RU  |b 63413507  |c 20160504  |g RCR 
942 |c BK 
959 |a 72/20140416  |d 5  |e 319,00  |f ЧЗТЛ:1  |f АНЛ:1  |f УФ:3